000 00300nam a22001337a 4500
008 170829b xxu||||| |||| 00| 0 eng d
020 _a9780070389786
041 _aeng
080 _24TH
_a070
100 _a39
101 _aMED
245 _aTHE ART OF PUBLIC SPEAKING
_cLUCAS,S.E
942 _2udc
_cBK
999 _c25243
_d25243